Guida al counseling

में बचाया:
ग्रंथसूची विवरण
मुख्य लेखक: Meier, Scott
अन्य लेखक: Davis, Susan
स्वरूप: पुस्तक
भाषा:अंग्रेज़ी
प्रकाशित: Franco Angeli 2002
टैग: टैग जोड़ें
कोई टैग नहीं, इस रिकॉर्ड को टैग करने वाले पहले व्यक्ति बनें!

MARC

LEADER 00000nam a2200000 4500
005 20240925170039.0
008 240724b |||||||| |||| 00| 0 eng d
020 |a 978-8820484132 
040 |c GP 
100 |a Meier, Scott 
245 |a Guida al counseling 
260 |b Franco Angeli  |c 2002 
700 |a Davis, Susan 
942 |2 ddc  |c BK  |n 0 
952 |0 0  |1 0  |2 ddc  |4 0  |6 158_300000000000000_MEI  |7 1  |9 1676  |a RM  |b RM  |d 2024-07-24  |l 0  |o 158.3 MEI  |p 140  |r 2024-07-24 16:22:58  |w 2024-07-24  |y BK 
999 |c 1489  |d 1489